Strategies for asset management (Record no. 102086)

MARC details
000 -LEADER
fixed length control field 01002cam a2200241 4500
008 - FIXED-LENGTH DATA ELEMENTS--GENERAL INFORMATION
fixed length control field 020517n2001 000 0 eng u
020 ## - INTERNATIONAL STANDARD BOOK NUMBER
International Standard Book Number 0862974623
035 ## - SYSTEM CONTROL NUMBER
System control number (Sirsi) u118018
041 ## - LANGUAGE CODE
Language code of text/sound track or separate title eng.
050 ## - LIBRARY OF CONGRESS CALL NUMBER
Classification number 306.11
100 ## - MAIN ENTRY--PERSONAL NAME
Personal name Larkin, A.
245 ## - TITLE STATEMENT
Title Strategies for asset management
260 ## - PUBLICATION, DISTRIBUTION, ETC.
Place of publication, distribution, etc. London
Name of publisher, distributor, etc. NHF
Date of publication, distribution, etc. 2001
300 ## - PHYSICAL DESCRIPTION
Extent iv, 23p.
Dimensions 31cm.
350 ## - PRICE (NR) (BK AM CF MU VM SE) [OBSOLETE]
Price 17.50
520 ## - SUMMARY, ETC.
Summary, etc. Aims to help social housing providers develop a more sophisticated approach to asset management, balancing the needs of existing and future tenants and communities with a strategic appraisal of their housing stock. Uses case studies to describe the range of approaches currently in use within the sector. Guides registered social landlords through stock condition assessment and programme planning.
650 ## - SUBJECT ADDED ENTRY--TOPICAL TERM
Topical term or geographic name entry element REGISTERED SOCIAL LANDLORDS
650 ## - SUBJECT ADDED ENTRY--TOPICAL TERM
Topical term or geographic name entry element ASSET MANAGEMENT
650 ## - SUBJECT ADDED ENTRY--TOPICAL TERM
Topical term or geographic name entry element STOCK CONDITION SURVEYS
650 ## - SUBJECT ADDED ENTRY--TOPICAL TERM
Topical term or geographic name entry element HOUSING MANAGEMENT
690 ## - LOCAL SUBJECT ADDED ENTRY--TOPICAL TERM (OCLC, RLIN)
Topical term or geographic name as entry element Affordable housing
9 (RLIN) 6215
942 ## - ADDED ENTRY ELEMENTS (KOHA)
Suppress in OPAC 0
Holdings
Withdrawn status Lost status Source of classification or shelving scheme Damaged status Not for loan Home library Current library Shelving location Date acquired Cost, normal purchase price Total Checkouts Full call number Barcode Date last seen Date last checked out Copy number Cost, replacement price Price effective from Koha item type
    Dewey Decimal Classification     London London Books 11/11/2002 17.50 5 F306.11 LAR 30066578 06/08/2019 20/11/2007 1 17.50 06/08/2019 Book